| 000 | 00346nam a2200109Ia 4500 | ||
|---|---|---|---|
| 008 | 171211s9999 xx 000 0 und d | ||
| 245 | _aComics and the City: Urban Space in Print, Picture and Sequence | ||
| 245 | _cArno Meteling and Jörn Ahrens | ||
| 260 | _c2010 | ||
| 650 | _xDrawing | ||
| 856 | _uhttp://down.ebook777.com/004/978-0826440198.pdf | ||
| 999 |
_c348031 _d348031 |
||